Сусанна и старцы: повести; рассказы

Bibliografske podrobnosti
Glavni avtor: Муравьева И. Ирина
Izvleček:Почти каждый рассказ в сборнике Ирины Муравьёвой озаглавлен какой-нибудь узнаваемой формулой из мирового культурного пантеона. Общий смысл таких заглавных перекличек укладывается в короткую формулу: всё уже было! На все нынешние варианты можно найти аналогии в тысячелетней истории культуры. Было, было, было! Ничто не меняется в психологии человека. Хотя признаки вечных недугов каждый раз вроде бы новые. Цепочка рассказов «с любовными сюжетами» есть не что иное, как экспертиза — проба душевного состояния современных людей, обрушивающихся в столь естественное состояние, как любовь.
Jezik:ruščina
Izdano: Москва, Эксмо, 2011
Serija:Большая литература
Teme:
Format: Knjiga
KOHA link:https://koha.lib.tpu.ru/cgi-bin/koha/opac-detail.pl?biblionumber=217615

MARC

LEADER 00000nam0a2200000 4500
001 217615
005 20231031194546.0
010 |a 9785699472314 
035 |a (RuTPU)RU\TPU\book\237616 
035 |a RU\TPU\book\231566 
090 |a 217615 
100 |a 20120607d2011 m y0rusy50 ca 
101 0 |a rus 
102 |a RU 
105 |a y z 000ay 
200 1 |a Сусанна и старцы  |e повести  |e рассказы  |f И. Муравьева 
210 |a Москва  |c Эксмо  |d 2011 
215 |a 284 с. 
225 1 |a Большая литература 
330 |a Почти каждый рассказ в сборнике Ирины Муравьёвой озаглавлен какой-нибудь узнаваемой формулой из мирового культурного пантеона. Общий смысл таких заглавных перекличек укладывается в короткую формулу: всё уже было! На все нынешние варианты можно найти аналогии в тысячелетней истории культуры. Было, было, было! Ничто не меняется в психологии человека. Хотя признаки вечных недугов каждый раз вроде бы новые. Цепочка рассказов «с любовными сюжетами» есть не что иное, как экспертиза — проба душевного состояния современных людей, обрушивающихся в столь естественное состояние, как любовь. 
610 1 |a русская литература 
610 1 |a любовь 
610 1 |a повести 
610 1 |a 20 век 
610 1 |a рассказы 
675 |a Р2  |v 3 
700 1 |a Муравьева  |b И.  |g Ирина 
801 1 |a RU  |b 63413507  |c 20111031 
801 2 |a RU  |b 63413507  |c 20120618  |g RCR 
942 |c BK